[Event "Hessen-ch Seniors op 11th"]
[Site "Bad Sooden-Allendorf"]
[Date "2015.05.14"]
[Round "6"]
[White "Reinhold, Klaus"]
[Black "Kalkmann, Hans"]
[Result "1-0"]
[WhiteElo "2094"]
[BlackElo "1953"]
[PlyCount "102"]
[EventDate "2015.05.09"]
[EventType "swiss"]
[EventRounds "9"]
[EventCountry "GER"]
[SourceTitle "EXT 2018"]
[Source "ChessBase"]
[SourceDate "2017.10.13"]
[SourceVersion "1"]
[SourceVersionDate "2017.10.13"]
[SourceQuality "1"]

1. d4 d5 2. c4 c6 3. Nf3 Nf6 4. Nc3 e6 5. e3 Nbd7 6. Bd3 Bd6 7. e4 dxe4 8. Nxe4 Nxe4 9. Bxe4 Nf6 10. Bc2 b6 11. 0-0 Bb7 12. Bg5 Be7 13. Qe2 0-0 14. Rfd1 Qc7 15. c5 Nd5 16. Rac1 b5 17. Qe4 g6 18. Bh6 Rfe8 19. Ne5 Bf6 20. h4 Bg7 21. Bxg7 Kxg7 22. Rd3 f5 23. Qe1 a5 24. Rg3 Qe7 25. Nf3 Qf6 26. h5 Nf4 27. hxg6 hxg6 28. Qd2 Nd5 29. Ne5 Ne7 30. Bd1 Red8 31. Qf4 Nd5 32. Qf3 Ne7 33. Nxg6 Nxg6 34. Qc3 Rh8 35. Bf3 Kf7 36. d5 Qxc3 37. dxe6+ Kf6 38. Rxc3 Rae8 39. Be2 Rxe6 40. Rge3 Rhe8 41. Bf3 Rxe3 42. fxe3 Rd8 43. Rc2 Ne5 44. Be2 Bc8 45. Bf3 Be6 46. b3 Bd5 47. Rd2 Rd7 48. Bxd5 Rxd5 49. Rxd5 cxd5 50. Kf1 b4 51. Ke2 Ke6 1-0